000 01166nam a2200349 i 4500
001 bg
100 1 _aCampbell, Ian.
245 0 0 _aZarządzanie jakością według nowych norm serii ISO 9000.
_nT. 1 /
_caut. wyd. niem. Ian Campbell, Alexander W. Scheibeler ; red. nauk. wyd. pol. Dawid Wosik.
250 _aStan prawny na czerwiec 2012.
260 _aWarszawa :
_b"WEKA" :
_bForum,
_c2001-.
300 _aSkoroszyt ;
_c31 cm.
500 _aAktualizacja bieżąca.
650 9 _aNormy ISO 9000
650 9 _aZarządzanie jakością
_xmetody
650 9 _aJakość produktu
_xnormalizacja
650 9 _aPrzedsiębiorstwo
_xorganizacja
700 1 _aScheibeler, Alexander W.
700 1 _aWosik, Dawid.
_eRed.
020 _a8387287512 (dzieło podstawowe)
020 _a9788326011788 (akt.)
040 _cBPK
041 1 _apol
_hger
080 _a005.6(438)
080 _a658.56(438)
080 _a006.83(438)
080 _a006.83(4-67)
920 _a83-87287-10-5 (dzieło podstawowe)
920 _a978-83-260-1178-8 (akt.)
942 _cKS
008 s pl f |000 0 pol
999 _c39005
_d39005
856 _uhttp://koha.tu.koszalin.pl/cgi-bin/koha/opac-detail.pl?biblionumber=39005
_yKatalog online BPK